[Event "ISR-chT U18"]
[Site "Hakfar Hayarok"]
[Date "2014.08.21"]
[Round "6.4"]
[White "Basson, Meytar"]
[Black "Selictar, Dor"]
[Result "1/2-1/2"]
[WhiteElo "1795"]
[BlackElo "2052"]
[PlyCount "115"]
[EventDate "2014.08.19"]
[EventType "team"]
[EventRounds "7"]
[EventCountry "ISR"]
[SourceTitle "EXT 2015"]
[Source "ChessBase"]
[SourceDate "2014.11.20"]
[SourceVersion "1"]
[SourceVersionDate "2014.11.20"]
[SourceQuality "1"]

1. Nf3 Nf6 2. g3 g6 3. Bg2 d5 4. d4 Bg7 5. 0-0 0-0 6. c4 c6 7. Nc3 dxc4 8. e4 Bg4 9. h3 Bxf3 10. Bxf3 Qc8 11. Bg2 Rd8 12. e5 Nd5 13. Ne4 f5 14. Ng5 h6 15. Nf3 Na6 16. Bd2 Nab4 17. Qc1 Kh7 18. a3 Na6 19. Qxc4 Nac7 20. Ba5 Nb6 21. Qc2 Ne6 22. Rad1 Rd5 23. Bxb6 axb6 24. h4 Nf8 25. h5 e6 26. Nh4 Rd8 27. g4 gxh5 28. gxf5 exf5 29. Bh3 Kh8 30. Bxf5 Qc7 31. Qe4 Qe7 32. Kh1 Ra4 33. b3 Rxa3 34. Rg1 Rxb3 35. e6 Re8 36. Rde1 Rb4 37. Rxg7 Qxg7 38. e7 Rxe7 39. Qxe7 Rxd4 40. Qxg7+ Kxg7 41. Ng2 Kf6 42. Bc8 Ng6 43. Bxb7 Ne5 44. Rc1 c5 45. Ne3 Nd3 46. Rf1 Ke5 47. Ba6 Rh4+ 48. Kg1 Nf4 49. Nc4+ Kd4 50. Nxb6 Rg4+ 51. Kh1 h4 52. Nd7 Rg6 53. Rd1+ Kc3 54. Bf1 Rg5 55. Rc1+ Kd4 56. Rd1+ Kc3 57. Rc1+ Kd4 58. Rd1+ 1/2-1/2

[Event "ISR-chT U18"]
[Site "Hakfar Hayarok"]
[Date "2014.08.21"]
[Round "7.7"]
[White "Tifferet, Shaked"]
[Black "Basson, Meytar"]
[Result "0-1"]
[WhiteElo "1924"]
[BlackElo "1795"]
[PlyCount "54"]
[EventDate "2014.08.19"]
[EventType "team"]
[EventRounds "7"]
[EventCountry "ISR"]
[SourceTitle "EXT 2015"]
[Source "ChessBase"]
[SourceDate "2014.11.20"]
[SourceVersion "1"]
[SourceVersionDate "2014.11.20"]
[SourceQuality "1"]

1. Nf3 Nf6 2. b3 g6 3. Bb2 Bg7 4. g3 b6 5. Bg2 Bb7 6. 0-0 0-0 7. c4 c6 8. d3 d5 9. Nbd2 Na6 10. a3 Rc8 11. Qc2 Re8 12. Rfe1 Nd7 13. Bxg7 Kxg7 14. e4 e5 15. b4 d4 16. Rf1 Nc7 17. Ne1 Ne6 18. h3 Rh8 19. Nb3 h5 20. f4 h4 21. f5 Ng5 22. Qd2 Nxh3+ 23. Bxh3 hxg3 24. f6+ Nxf6 25. Bxc8 Qxc8 26. Qg5 Rh1+ 27. Kxh1 Qh3+ 0-1

[Event "ISR-chT U18"]
[Site "Hakfar Hayarok"]
[Date "2014.08.20"]
[Round "3.16"]
[White "Harel, Ori"]
[Black "Basson, Meytar"]
[Result "0-1"]
[WhiteElo "1486"]
[BlackElo "1795"]
[PlyCount "84"]
[EventDate "2014.08.19"]
[EventType "team"]
[EventRounds "7"]
[EventCountry "ISR"]
[SourceTitle "EXT 2015"]
[Source "ChessBase"]
[SourceDate "2014.11.20"]
[SourceVersion "1"]
[SourceVersionDate "2014.11.20"]
[SourceQuality "1"]

1. c4 Nf6 2. Nf3 g6 3. g3 Bg7 4. Bg2 0-0 5. Nc3 c6 6. d4 d5 7. cxd5 cxd5 8. 0-0 Nc6 9. Bf4 Nh5 10. Be3 e6 11. Qd2 f5 12. Bh6 f4 13. Bxg7 Nxg7 14. gxf4 Qf6 15. e3 Kh8 16. Kh1 Nf5 17. Rg1 Nh4 18. Ne2 Ne7 19. Ng3 Bd7 20. Ne5 Bc6 21. Qe2 Nef5 22. Rac1 Rac8 23. b4 Nd6 24. a3 Bb5 25. Qa2 Bc4 26. Qb2 Rc7 27. Bf1 Rfc8 28. a4 b6 29. b5 Nf7 30. Bg2 Nxe5 31. dxe5 Qe7 32. e4 Nxg2 33. Rxg2 dxe4 34. Rgg1 Bd5 35. Rcf1 Rc2 36. Qb1 e3+ 37. f3 Rf2 38. Qd1 Bxf3+ 39. Qxf3 Rxf3 40. Rxf3 Qb7 41. Rgf1 Rc1 42. Kg1 Qxf3 0-1